الخطاب الديني المعتدل ودوره في مكافحة التطرف والإرهاب / (رقم التسجيلة. 144514)

تفاصيل مارك
000 -الفاتح
عناصر البيانات ثابتة الطول 00777cam a2200205 i 4500
005 - تاريخ ووقت آخر معاملة
حقل ضبط 20260114104116.0
008 - عناصر البيانات ثابتة الطول
عناصر البيانات ثابتة الطول 250721s2023 jo gr 000 0 ara d
020 ## - الترقيم الدولي المعياري للكتب (ردمك)
الترقيم الدولي المعياري للكتب (ردمك) 9789923779712
082 14 - رقم تصنيف ديوي العشري
رقم التصنيف 306.6
رقم المادة ش ه و
100 1# - مدخل رئيسي – اسم شخصي
الاسم الشخصي الشهوان، ريما فهد
علاقة الشخص بالعمل/ دوره مؤلف.
245 12 - بيان العنوان
العنوان الخطاب الديني المعتدل ودوره في مكافحة التطرف والإرهاب /
بيان المسؤولية تأليف الدكتورة ريما فهد الشهوان.
250 ## - بيان الطبعة
بيان الطبعة الطبيعة الأولى.
264 31 - بيانات النشر، التوزيع…إلخ
مكان النشر، التوزيع...إلخ عمان :
اسم الناشر، الموزع...إلخ زاد ناشرون و موزعون،
تاريخ النشر، التوزيع...إلخ 2023.
300 ## - الوصف المادي
عدد الوحدات المكونة للوعاء 113 صفحة.
650 17 - مدخل إضافي بالموضوع - مصطلح موضوعي
مصطلح موضوعي أو اسم جغرافي كعنصر مدخل علم الاجتماع الديني.
650 17 - مدخل إضافي بالموضوع - مصطلح موضوعي
مصطلح موضوعي أو اسم جغرافي كعنصر مدخل التطرف.
650 17 - مدخل إضافي بالموضوع - مصطلح موضوعي
مصطلح موضوعي أو اسم جغرافي كعنصر مدخل الارهاب.
942 ## - بيانات إضافية (كوها)
نوع التنصيف Dewey Decimal Classification
نوع المادة (كوها) كتب
المقتنيات
حالة السحب حالة الفقدان مصدر التصنيف حالة التلف غير قابل للإعارة المكتبة الرئيسية المكتبة الحالية موقع الرف تاريخ التزويد الرقم المتسلسل Total Checkouts رقم الإستدعاء الباركود تاريخ آخر ظهور تاريخ الفاتورة نوع المادة (كوها)
    Dewey Decimal Classification     المكتبة المركزية المكتبة المركزية الإعارة 28/07/2025 1776990   306.6 / ش ه و PLD00503345 28/07/2025 28/07/2025 كتب
    Dewey Decimal Classification     المكتبة المركزية المكتبة المركزية مقتنيات قسم التزويد 28/07/2025 1776991   306.6/شهو   28/07/2025 28/07/2025 كتب
    Dewey Decimal Classification     المكتبة المركزية المكتبة المركزية مقتنيات قسم التزويد 28/07/2025 1776992   306.6/شهو   28/07/2025 28/07/2025 كتب
    Dewey Decimal Classification     المكتبة المركزية المكتبة المركزية مقتنيات قسم التزويد 28/07/2025 1776993   306.6/شهو   28/07/2025 28/07/2025 كتب
    Dewey Decimal Classification     المكتبة المركزية المكتبة المركزية مقتنيات قسم التزويد 28/07/2025 1776994   306.6/شهو   28/07/2025 28/07/2025 كتب
    Dewey Decimal Classification     مكتبة أبو علندا العامة مكتبة أبو علندا العامة الإعارة 15/05/2023 1777002   306.6/شهو PLD00503365 28/07/2025 15/05/2023 كتب
    Dewey Decimal Classification     مكتبة أم قصير والمقابلين العامة مكتبة أم قصير والمقابلين العامة الإعارة 15/05/2023 1776999   306.6/شهو PLD00503362 28/07/2025 15/05/2023 كتب
    Dewey Decimal Classification     مكتبة الأميرة ايمان العامة مكتبة الأميرة ايمان العامة الإعارة 15/05/2023 1776995   306.6/شهو PLD00503358 28/07/2025 15/05/2023 كتب
    Dewey Decimal Classification     مكتبة الاميرة بديعة مكتبة الاميرة بديعة الإعارة 15/05/2023 1777000   306.6/شهو PLD00503363 28/07/2025 15/05/2023 كتب
    Dewey Decimal Classification     مكتبة الجويدة مكتبة الجويدة الإعارة 15/05/2023 1777003   306.6/شهو PLD00503366 28/07/2025 15/05/2023 كتب
    Dewey Decimal Classification     مكتبة الحسن العامة مكتبة الحسن العامة الإعارة 15/05/2023 1777001   306.6/شهو PLD00503364 28/07/2025 15/05/2023 كتب
    Dewey Decimal Classification     مكتبة حمزة العامة مكتبة حمزة العامة الإعارة 15/05/2023 1777004   306.6/شهو PLD00503367 28/07/2025 15/05/2023 كتب
    Dewey Decimal Classification     مكتبة صويلح العامة مكتبة صويلح العامة الإعارة 15/05/2023 1776997   306.6/شهو PLD00503360 28/07/2025 15/05/2023 كتب
    Dewey Decimal Classification     مكتبة وادي السير العامة مكتبة وادي السير العامة الإعارة 15/05/2023 1776996   306.6/شهو PLD00503359 28/07/2025 15/05/2023 كتب
Implemented & Customized by: BBB with SCIT (Smart Chains for Information Technology)

Powered by Koha